The Nature and Growth of Modern Mathematics / (Record no. 617188)
[ view plain ]
| 000 -LEADER | |
|---|---|
| fixed length control field | 00410nam a22001457a 4500 |
| 020 ## - INTERNATIONAL STANDARD BOOK NUMBER | |
| Qualifying information | HB. |
| 040 ## - CATALOGING SOURCE | |
| Transcribing agency | FIZZA ISHAQ |
| 082 ## - DEWEY DECIMAL CLASSIFICATION NUMBER | |
| Classification number | 510.1 |
| Author Mark | KRA |
| 100 ## - MAIN ENTRY--PERSONAL NAME | |
| Personal name | Kramer, Edna E. |
| 9 (RLIN) | 134215 |
| 245 ## - TITLE STATEMENT | |
| Title | The Nature and Growth of Modern Mathematics / |
| Statement of responsibility, etc. | Edna E. Kramer. |
| 250 ## - EDITION STATEMENT | |
| Edition statement | First edition. |
| 260 ## - PUBLICATION, DISTRIBUTION, ETC. | |
| Place of publication, distribution, etc. | New York: |
| Name of publisher, distributor, etc. | Hawthorn Books, Inc., |
| Date of publication, distribution, etc. | 1970. |
| 300 ## - PHYSICAL DESCRIPTION | |
| Extent | xxiv, 758 p. ; |
| Dimensions | 26 x 18.5 cm. |
| 942 ## - ADDED ENTRY ELEMENTS (KOHA) | |
| Source of classification or shelving scheme | |
| Koha item type | Book |
| Withdrawn status | Lost status | Source of classification or shelving scheme | Damaged status | Not for loan | Permanent Location | Current Location | Shelving location | Date acquired | Total Checkouts | Full call number | Barcode | Date last seen | Price effective from | Koha item type |
|---|---|---|---|---|---|---|---|---|---|---|---|---|---|---|
| NUST Baluchistan Campus (NBC) | NUST Baluchistan Campus (NBC) | General Stacks | 04/20/2026 | 510.1 KRA | QD-60 | 04/20/2026 | 04/20/2026 | Book |
